[Event "Hastings Premier 2002/03 78th"]
[Site "Hastings"]
[Date "2003.01.02"]
[Round "6"]
[White "Barsov, Alexei"]
[Black "Kosteniuk, Alexandra"]
[Result "1-0"]
[WhiteElo "2525"]
[BlackElo "2455"]
[PlyCount "81"]
[EventDate "2002.12.28"]
[EventType "tourn"]
[EventRounds "9"]
[EventCountry "ENG"]
[EventCategory "12"]
[SourceTitle "BritBase"]
[Source "John Saunders"]
[SourceDate "2024.12.03"]
[SourceVersion "1"]
[SourceVersionDate "2024.12.03"]
[SourceQuality "1"]

1. d4 d5 2. c4 e6 3. Nc3 c6 4. e3 Nf6 5. Nf3 Nbd7 6. Qc2 Bd6 7. g4 Bb4 8. Bd2 Qe7 9. Bd3 dxc4 10. Bxc4 b5 11. Be2 Bb7 12. g5 Bxc3 13. bxc3 Nd5 14. a4 bxa4 15. c4 Nb4 16. Bxb4 Qxb4+ 17. Kf1 Qe7 18. c5 e5 19. Qe4 exd4 20. Qxe7+ Kxe7 21. exd4 h6 22. Rg1 hxg5 23. Rxg5 g6 24. Kg2 a5 25. Bd1 Nf8 26. Rb1 Ra7 27. Bxa4 f6 28. Re1+ Kd8 29. Rg4 g5 30. d5 Ng6 31. dxc6 Bc8 32. Rd4+ Kc7 33. Rd6 Nf4+ 34. Kg1 Kb8 35. Rb1+ Ka8 36. Nd4 Nh3+ 37. Kf1 Rc7 38. Rb6 Nf4 39. Nb5 Re7 40. Rd7 Bxd7 41. Nc7+ 1-0

[Event "Hastings Premier 2002/03 78th"]
[Site "Hastings"]
[Date "2003.01.02"]
[Round "6"]
[White "Flear, Glenn C"]
[Black "McShane, Luke J"]
[Result "1/2-1/2"]
[WhiteElo "2527"]
[BlackElo "2546"]
[PlyCount "84"]
[EventDate "2002.12.28"]
[EventType "tourn"]
[EventRounds "9"]
[EventCountry "ENG"]
[EventCategory "12"]
[SourceTitle "BritBase"]
[Source "John Saunders"]
[SourceDate "2024.12.03"]
[SourceVersion "1"]
[SourceVersionDate "2024.12.03"]
[SourceQuality "1"]

1. d4 Nf6 2. c4 g6 3. Nc3 d5 4. Bf4 Bg7 5. Nf3 O-O 6. Rc1 c6 7. e3 a6 8. c5 Nh5 9. Bg5 Bg4 10. Be2 Nd7 11. O-O Re8 12. h3 Bxf3 13. Bxf3 Nhf6 14. b4 e5 15. Qd2 Qe7 16. a4 Qf8 17. b5 axb5 18. axb5 h5 19. Rb1 Bh6 20. Bxh6 Qxh6 21. Rfd1 Re6 22. bxc6 bxc6 23. Ra1 Rae8 24. Ra7 exd4 25. Qxd4 Qf8 26. Na4 Rb8 27. Rc1 Qd8 28. Qa1 Ne4 29. Bxe4 Rxe4 30. Rb1 Reb4 31. Rxb4 Rxb4 32. g3 Qe8 33. Nb2 Nxc5 34. Qa3 Rb3 35. Qxc5 Rxb2 36. Qc3 Rb8 37. Qf6 Rc8 38. Re7 Qf8 39. Rd7 Qg7 40. Qd6 Qa1+ 41. Kg2 Qg7 42. h4 Qf8 1/2-1/2

[Event "Hastings Premier 2002/03 78th"]
[Site "Hastings"]
[Date "2003.01.02"]
[Round "6"]
[White "Karjakin, Sergey"]
[Black "Harikrishna, Pentala"]
[Result "1/2-1/2"]
[WhiteElo "2527"]
[BlackElo "2551"]
[PlyCount "75"]
[EventDate "2002.12.28"]
[EventType "tourn"]
[EventRounds "9"]
[EventCountry "ENG"]
[EventCategory "12"]
[SourceTitle "BritBase"]
[Source "John Saunders"]
[SourceDate "2024.12.03"]
[SourceVersion "1"]
[SourceVersionDate "2024.12.03"]
[SourceQuality "1"]

1. e4 c5 2. Nf3 Nc6 3. d4 cxd4 4. Nxd4 Nf6 5. Nc3 e5 6. Ndb5 d6 7. Bg5 a6 8. Na3 b5 9. Bxf6 gxf6 10. Nd5 f5 11. Bd3 Be6 12. O-O Bxd5 13. exd5 Ne7 14. c3 Bg7 15. Qh5 e4 16. Be2 Qc8 17. Rad1 Ng6 18. Nc2 O-O 19. f4 exf3 20. Bxf3 Re8 21. Nd4 Bxd4+ 22. Rxd4 Re5 23. Qh6 Qd8 24. h4 f6 25. h5 Nh8 26. Bd1 Nf7 27. Qf4 Qf8 28. a4 Rae8 29. axb5 axb5 30. Bc2 Nh6 31. Bd3 Ng4 32. Bxf5 Ne3 33. Be6+ R8xe6 34. dxe6 Nxf1 35. Kxf1 Rxe6 36. Qg4+ Kf7 37. Re4 Qe8 38. Rxe6 1/2-1/2

[Event "Hastings Premier 2002/03 78th"]
[Site "Hastings"]
[Date "2003.01.02"]
[Round "6"]
[White "Nielsen, Peter Heine"]
[Black "Sasikiran, Krishnan"]
[Result "0-1"]
[WhiteElo "2620"]
[BlackElo "2670"]
[PlyCount "88"]
[EventDate "2002.12.28"]
[EventType "tourn"]
[EventRounds "9"]
[EventCountry "ENG"]
[EventCategory "12"]
[SourceTitle "BritBase"]
[Source "John Saunders"]
[SourceDate "2024.12.03"]
[SourceVersion "1"]
[SourceVersionDate "2024.12.03"]
[SourceQuality "1"]

1. d4 Nf6 2. c4 e6 3. Nf3 b6 4. g3 Ba6 5. b3 Bb4+ 6. Bd2 Be7 7. Bg2 c6 8. O-O d5 9. Qc2 Nbd7 10. Rd1 O-O 11. Bf4 Rc8 12. Nc3 h6 13. e4 dxc4 14. Nd2 b5 15. bxc4 bxc4 16. Na4 c5 17. d5 exd5 18. exd5 Nh5 19. Be3 Bf6 20. Rab1 Bd4 21. Nxc4 Bxc4 22. Qxc4 Bxe3 23. fxe3 Qg5 24. e4 Nhf6 25. Qc1 Qh5 26. Qf4 Ng4 27. h3 Nge5 28. Nc3 Qg6 29. Kh2 c4 30. Rb5 a6 31. Rbb1 Qd6 32. Qe3 Rc5 33. a4 Rcc8 34. Ne2 Kh7 35. Nd4 Rb8 36. Nf5 Qc5 37. Qc3 g6 38. Nd4 Rfe8 39. Rf1 Kg8 40. Kh1 Nd3 41. Rxb8 Rxb8 42. Nc6 Rb2 43. e5 Rxg2 44. e6 fxe6 0-1

[Event "Hastings Premier 2002/03 78th"]
[Site "Hastings"]
[Date "2003.01.02"]
[Round "6"]
[White "Tseshkovsky, Vitaly"]
[Black "Arkell, Keith C"]
[Result "0-1"]
[WhiteElo "2545"]
[BlackElo "2521"]
[PlyCount "68"]
[EventDate "2002.12.28"]
[EventType "tourn"]
[EventRounds "9"]
[EventCountry "ENG"]
[EventCategory "12"]
[SourceTitle "BritBase"]
[Source "John Saunders"]
[SourceDate "2024.12.03"]
[SourceVersion "1"]
[SourceVersionDate "2024.12.03"]
[SourceQuality "1"]

1. e4 c6 2. d4 d5 3. Nd2 dxe4 4. Nxe4 Nd7 5. Ng5 Ngf6 6. Bd3 e6 7. N1f3 Be7 8. Qe2 h6 9. Ne4 c5 10. Nxf6+ Nxf6 11. dxc5 Bxc5 12. Bd2 Qd5 13. b4 Be7 14. c4 Qd8 15. O-O O-O 16. Rfd1 Bd7 17. Bc3 Qc7 18. a4 a5 19. b5 Rfd8 20. Rac1 b6 21. Be5 Qa7 22. Nd4 Rac8 23. Bb1 Be8 24. Rd3 Nd7 25. Nc6 $18 Rxc6 26. Qe4 $4 Nxe5 27. Rxd8 Bxd8 28. bxc6 Bf6 29. Rd1 Qc7 30. f4 Ng6 31. Qe3 Be7 32. Kf1 Bc5 33. Qd2 Qxc6 34. Re1 Bb4 {Source: bulletin. "This game was rescheduled after Keith Arkell went down with a stomach complaint and Tseshkovsky sportingly agreed to allow the game to be put back to the following morning. Given the tight timetable of the tournament it had to be played at a faster time limit of 2 hours each for the whole game."} 0-1

[Event "Hastings Premier 2002/03 78th"]
[Site "Hastings"]
[Date "2003.01.03"]
[Round "7"]
[White "Kosteniuk, Alexandra"]
[Black "Nielsen, Peter Heine"]
[Result "0-1"]
[WhiteElo "2455"]
[BlackElo "2620"]
[PlyCount "114"]
[EventDate "2002.12.28"]
[EventType "tourn"]
[EventRounds "9"]
[EventCountry "ENG"]
[EventCategory "12"]
[SourceTitle "BritBase"]
[Source "John Saunders"]
[SourceDate "2024.12.03"]
[SourceVersion "1"]
[SourceVersionDate "2024.12.03"]
[SourceQuality "1"]

1. e4 c6 2. d4 d5 3. Nd2 dxe4 4. Nxe4 Bf5 5. Ng3 Bg6 6. h4 h6 7. Nf3 Nd7 8. h5 Bh7 9. Bd3 Bxd3 10. Qxd3 e6 11. Bf4 Ngf6 12. O-O-O Be7 13. c4 O-O 14. Kb1 Qa5 15. Ne5 Rad8 16. Qe2 Rfe8 17. Ne4 Nxe4 18. Qxe4 Nxe5 19. dxe5 Rxd1+ 20. Rxd1 Rd8 21. Rxd8+ Qxd8 22. Qe2 Qd4 23. Bd2 b5 24. cxb5 cxb5 25. f4 b4 26. Qe3 Qd5 27. g4 a5 28. Bc1 Qd1 29. Qg3 Qe2 30. a3 Qe4+ 31. Ka1 Qc4 32. Qe3 Bc5 33. Qd2 Bd4 34. Kb1 bxa3 35. Qxa5 Bxb2 36. Qd8+ Kh7 37. Bxb2 Qe4+ 38. Ka2 axb2 39. Qd1 g6 40. Kxb2 Qb4+ 41. Ka2 Qxf4 42. Qe2 Kg7 43. Kb3 Qd4 44. Ka2 Qb4 45. Ka1 Qb3 46. hxg6 Kxg6 47. Qe4+ Kg5 48. Qh7 Qc3+ 49. Ka2 Qxe5 50. Qg8+ Kh4 51. Qxf7 Qe3 52. Qh5+ Kg3 53. Kb2 e5 54. Kc2 e4 55. Kd1 Qg1+ 56. Ke2 Qf2+ 57. Kd1 e3 0-1

[Event "Hastings Premier 2002/03 78th"]
[Site "Hastings"]
[Date "2003.01.04"]
[Round "8"]
[White "Barsov, Alexei"]
[Black "Arkell, Keith C"]
[Result "1/2-1/2"]
[WhiteElo "2525"]
[BlackElo "2521"]
[PlyCount "64"]
[EventDate "2002.12.28"]
[EventType "tourn"]
[EventRounds "9"]
[EventCountry "ENG"]
[EventCategory "12"]
[SourceTitle "BritBase"]
[Source "John Saunders"]
[SourceDate "2024.12.03"]
[SourceVersion "1"]
[SourceVersionDate "2024.12.03"]
[SourceQuality "1"]

1. d4 e6 2. c4 Bb4+ 3. Nc3 c5 4. Nf3 cxd4 5. Nxd4 Nf6 6. g3 Ne4 7. Qd3 Qa5 8. Nb3 Nxc3 9. Bd2 Ne4 10. Qxe4 Bxd2+ 11. Nxd2 Nc6 12. Bg2 O-O 13. Qe3 d5 14. O-O d4 15. Qd3 e5 16. a3 Qc7 17. f4 exf4 18. Rxf4 Be6 19. Nf3 Rad8 20. Ng5 g6 21. Nxe6 fxe6 22. Rxf8+ Kxf8 23. Rf1+ Kg7 24. Qf3 Qe7 25. Qe4 a5 26. b4 axb4 27. axb4 e5 28. c5 d3 29. e3 d2 30. Rd1 Qe6 31. Kf2 Qb3 32. Ke2 Nxb4 1/2-1/2

[Event "Hastings Premier 2002/03 78th"]
[Site "Hastings"]
[Date "2003.01.04"]
[Round "8"]
[White "Flear, Glenn C"]
[Black "Kosteniuk, Alexandra"]
[Result "1-0"]
[WhiteElo "2527"]
[BlackElo "2455"]
[PlyCount "79"]
[EventDate "2002.12.28"]
[EventType "tourn"]
[EventRounds "9"]
[EventCountry "ENG"]
[EventCategory "12"]
[SourceTitle "BritBase"]
[Source "John Saunders"]
[SourceDate "2024.12.03"]
[SourceVersion "1"]
[SourceVersionDate "2024.12.03"]
[SourceQuality "1"]

1. d4 d5 2. c4 c6 3. Nc3 Nf6 4. e3 e6 5. Nf3 Nbd7 6. Bd3 dxc4 7. Bxc4 b5 8. Be2 a6 9. e4 b4 10. e5 bxc3 11. exf6 Nxf6 12. bxc3 Be7 13. Ne5 Bb7 14. Rb1 Ra7 15. Bf3 O-O 16. Bxc6 Bxc6 17. Nxc6 Qd5 18. Nxa7 Qxg2 19. Rf1 Qa8 20. Qb3 Qe4+ 21. Be3 Nd5 22. Kd2 f5 23. Kc1 Bd6 24. Bd2 Nf4 25. Be3 Ra8 26. Qc2 Ba3+ 27. Kd2 Qf3 28. Qd1 Qe4 29. Bxf4 Qxf4+ 30. Kc2 Rxa7 31. Qe2 Qd6 32. Rb3 h6 33. Rfb1 Re7 34. Qf3 Re8 35. c4 Qxd4 36. Rxa3 Qxc4+ 37. Kb2 Qd4+ 38. Rc3 Rd8 39. Rbc1 Qd2+ 40. Kb1 1-0

[Event "Hastings Premier 2002/03 78th"]
[Site "Hastings"]
[Date "2003.01.04"]
[Round "8"]
[White "McShane, Luke J"]
[Black "Sasikiran, Krishnan"]
[Result "1-0"]
[WhiteElo "2546"]
[BlackElo "2670"]
[PlyCount "71"]
[EventDate "2002.12.28"]
[EventType "tourn"]
[EventRounds "9"]
[EventCountry "ENG"]
[EventCategory "12"]
[SourceTitle "BritBase"]
[Source "John Saunders"]
[SourceDate "2024.12.03"]
[SourceVersion "1"]
[SourceVersionDate "2024.12.03"]
[SourceQuality "1"]

1. e4 c5 2. Nf3 d6 3. Bc4 Nf6 4. d3 Nc6 5. O-O Bg4 6. Nbd2 e6 7. h3 Bh5 8. c3 Be7 9. Bb3 d5 10. Re1 O-O 11. Qe2 b5 12. Bc2 Rc8 13. g4 Bg6 14. Nh4 d4 15. c4 Nd7 16. Ng2 bxc4 17. Nxc4 e5 18. f4 exf4 19. Nxf4 Nce5 20. Bb3 Nxc4 21. Bxc4 Nb6 22. b3 Nxc4 23. bxc4 Rb8 24. Nd5 Bd6 25. e5 Re8 26. Bf4 Bf8 27. Bg3 Rb7 28. h4 h6 29. Rf1 Kh8 30. Rae1 Qc8 31. Qf3 Bh7 32. g5 hxg5 33. hxg5 Rb2 34. Qh5 Qe6 35. Rxf7 Kg8 36. Nf6+ 1-0

[Event "Hastings Premier 2002/03 78th"]
[Site "Hastings"]
[Date "2003.01.04"]
[Round "8"]
[White "Nielsen, Peter Heine"]
[Black "Harikrishna, Pentala"]
[Result "1-0"]
[WhiteElo "2620"]
[BlackElo "2551"]
[PlyCount "118"]
[EventDate "2002.12.28"]
[EventType "tourn"]
[EventRounds "9"]
[EventCountry "ENG"]
[EventCategory "12"]
[SourceTitle "BritBase"]
[Source "John Saunders"]
[SourceDate "2024.12.03"]
[SourceVersion "1"]
[SourceVersionDate "2024.12.03"]
[SourceQuality "1"]

1. Nf3 Nf6 2. c4 e6 3. g3 d5 4. d4 Bb4+ 5. Bd2 Be7 6. Bg2 c6 7. Qb3 Nbd7 8. Bf4 O-O 9. O-O b6 10. Nc3 Ba6 11. cxd5 exd5 12. Rfd1 Re8 13. Ne5 Bb7 14. e4 Nf8 15. Nxc6 Bxc6 16. exd5 Bb7 17. d6 Bxg2 18. dxe7 Qxe7 19. Kxg2 Ne6 20. Be3 Ng4 21. Re1 Qf6 22. d5 Nxe3+ 23. Rxe3 Nd4 24. Rxe8+ Rxe8 25. Qd1 Nf5 26. Qd2 Qe5 27. Rd1 Nd6 28. Qd3 g6 29. Rd2 Qf6 30. Re2 Rxe2 31. Qxe2 Qd4 32. Qd1 Qb4 33. Qd2 Kf8 34. b3 Nf5 35. Qd3 Nd6 36. Ne2 Qe1 37. Nc3 Qe5 38. Qe3 Qf5 39. Qd4 Kg8 40. a4 Qd7 41. Qe5 h5 42. h3 Kf8 43. f3 Qc7 44. g4 hxg4 45. fxg4 Qc5 46. Kf3 Qb4 47. Ke2 Qa3 48. Kd3 Qb4 49. h4 Ne8 50. Qd4 Qa3 51. h5 gxh5 52. gxh5 Kg8 53. Qe5 Qf8 54. Ne4 f5 55. Ng5 Nf6 56. Qxf5 Qh6 57. d6 Nxh5 58. d7 Qd6+ 59. Ke3 Qe7+ {time} 1-0

[Event "Hastings Premier 2002/03 78th"]
[Site "Hastings"]
[Date "2003.01.04"]
[Round "8"]
[White "Tseshkovsky, Vitaly"]
[Black "Karjakin, Sergey"]
[Result "0-1"]
[WhiteElo "2545"]
[BlackElo "2527"]
[PlyCount "82"]
[EventDate "2002.12.28"]
[EventType "tourn"]
[EventRounds "9"]
[EventCountry "ENG"]
[EventCategory "12"]
[SourceTitle "BritBase"]
[Source "John Saunders"]
[SourceDate "2024.12.03"]
[SourceVersion "1"]
[SourceVersionDate "2024.12.03"]
[SourceQuality "1"]

1. e4 c5 2. Nc3 a6 3. g3 b5 4. Bg2 Bb7 5. Nge2 e6 6. O-O Be7 7. a3 d6 8. d4 cxd4 9. Nxd4 Nd7 10. a4 b4 11. Na2 a5 12. c3 bxc3 13. Nxc3 Nc5 14. Be3 Nf6 15. Ndb5 Ncxe4 16. Nxe4 Bxe4 17. Bxe4 Nxe4 18. Qg4 Ng5 19. h4 h5 20. Qe2 Nh7 21. Qxh5 O-O 22. Rac1 Nf6 23. Qf3 Nd5 24. Bd4 Rc8 25. h5 f5 26. Rce1 Qd7 27. Re2 Nf6 28. Qb3 d5 29. h6 g6 30. Qe3 Ne4 31. h7+ Kxh7 32. Kg2 Bf6 33. Rh1+ Kg8 34. Bxf6 Rxf6 35. f3 Nxg3 36. Qe5 Nxe2 37. Qxf6 Nf4+ 38. Kf2 Qg7 39. Qxg7+ Kxg7 40. Ke3 e5 41. Kd2 d4 0-1

[Event "Hastings Premier 2002/03 78th"]
[Site "Hastings"]
[Date "2003.01.05"]
[Round "9"]
[White "Arkell, Keith C"]
[Black "Nielsen, Peter Heine"]
[Result "1/2-1/2"]
[WhiteElo "2521"]
[BlackElo "2620"]
[PlyCount "31"]
[EventDate "2002.12.28"]
[EventType "tourn"]
[EventRounds "9"]
[EventCountry "ENG"]
[EventCategory "12"]
[SourceTitle "BritBase"]
[Source "John Saunders"]
[SourceDate "2024.12.03"]
[SourceVersion "1"]
[SourceVersionDate "2024.12.03"]
[SourceQuality "1"]

1. d4 Nf6 2. Nf3 d5 3. c4 e6 4. cxd5 exd5 5. Nc3 c6 6. Bg5 Bf5 7. Qb3 Qb6 8. Bxf6 gxf6 9. e3 Na6 10. Qxb6 axb6 11. Kd2 Bb4 12. Bd3 Bg6 13. Nh4 Nc7 14. a3 Bxc3+ 15. Kxc3 Kd7 16. Kd2 1/2-1/2

[Event "Hastings Premier 2002/03 78th"]
[Site "Hastings"]
[Date "2003.01.05"]
[Round "9"]
[White "Harikrishna, Pentala"]
[Black "Flear, Glenn C"]
[Result "1-0"]
[WhiteElo "2551"]
[BlackElo "2527"]
[PlyCount "63"]
[EventDate "2002.12.28"]
[EventType "tourn"]
[EventRounds "9"]
[EventCountry "ENG"]
[EventCategory "12"]
[SourceTitle "BritBase"]
[Source "John Saunders"]
[SourceDate "2024.12.03"]
[SourceVersion "1"]
[SourceVersionDate "2024.12.03"]
[SourceQuality "1"]

1. c4 e6 2. e4 d5 3. exd5 exd5 4. d4 Nf6 5. Nf3 Be7 6. Nc3 O-O 7. Be2 dxc4 8. Bxc4 Nbd7 9. O-O Nb6 10. Bb3 Bg4 11. h3 Bh5 12. Re1 Re8 13. g4 Bg6 14. Ne5 c5 15. Be3 Rc8 16. dxc5 Qxd1 17. Raxd1 Bxc5 18. Bxc5 Rxc5 19. f4 Kf8 20. Re3 h6 21. Rde1 Rd8 22. f5 Bh7 23. Nxf7 Rd2 24. Ne5 Rc8 25. Nd3 Bg8 26. Nb1 Bxb3 27. Nxd2 Bxa2 28. Nf4 Nbd5 29. Ng6+ Kg8 30. Ra3 Rc2 31. Rxa2 Rxd2 32. Rxa7 1-0

[Event "Hastings Premier 2002/03 78th"]
[Site "Hastings"]
[Date "2003.01.05"]
[Round "9"]
[White "Karjakin, Sergey"]
[Black "Barsov, Alexei"]
[Result "1/2-1/2"]
[WhiteElo "2527"]
[BlackElo "2525"]
[PlyCount "43"]
[EventDate "2002.12.28"]
[EventType "tourn"]
[EventRounds "9"]
[EventCountry "ENG"]
[EventCategory "12"]
[SourceTitle "BritBase"]
[Source "John Saunders"]
[SourceDate "2024.12.03"]
[SourceVersion "1"]
[SourceVersionDate "2024.12.03"]
[SourceQuality "1"]

1. e4 e6 2. d4 d5 3. Nc3 Bb4 4. e5 c5 5. a3 Bxc3+ 6. bxc3 Ne7 7. Qg4 O-O 8. Bd3 Qa5 9. Bd2 Nbc6 10. Qh5 h6 11. g4 c4 12. Be2 f6 13. exf6 Rxf6 14. g5 g6 15. Qh4 Nf5 16. Qf4 e5 17. dxe5 Re6 18. gxh6 Nxe5 19. Kf1 Nf7 20. Bf3 g5 21. Qg4 Rxh6 22. Qg2 1/2-1/2

[Event "Hastings Premier 2002/03 78th"]
[Site "Hastings"]
[Date "2003.01.05"]
[Round "9"]
[White "Kosteniuk, Alexandra"]
[Black "McShane, Luke J"]
[Result "1-0"]
[WhiteElo "2455"]
[BlackElo "2546"]
[PlyCount "75"]
[EventDate "2002.12.28"]
[EventType "tourn"]
[EventRounds "9"]
[EventCountry "ENG"]
[EventCategory "12"]
[SourceTitle "BritBase"]
[Source "John Saunders"]
[SourceDate "2024.12.03"]
[SourceVersion "1"]
[SourceVersionDate "2024.12.03"]
[SourceQuality "1"]

1. e4 c5 2. Nf3 Nc6 3. d4 cxd4 4. Nxd4 Nf6 5. Nc3 e5 6. Ndb5 d6 7. Bg5 a6 8. Na3 b5 9. Bxf6 gxf6 10. Nd5 f5 11. Bd3 Be6 12. O-O Bxd5 13. exd5 Ne7 14. c4 e4 15. Be2 Bg7 16. Qd2 bxc4 17. Nxc4 O-O 18. Rac1 Rb8 19. b4 Rb5 20. Ne3 f4 21. Nc2 Rxd5 22. Qxf4 Re5 23. Bxa6 d5 24. Rcd1 f5 25. Bc4 Kh8 26. Rfe1 Qc8 27. Bb3 Ng6 28. Qc1 f4 29. Rxd5 Nh4 30. Qd1 f3 31. Rxe5 Bxe5 32. Rxe4 Rd8 33. Nd4 Bf6 34. g3 Nf5 35. Qxf3 Rxd4 36. Re6 Rd2 37. Rxf6 Nd4 38. Rf8+ 1-0

[Event "Hastings Challengers 2002/03"]
[Site "Hastings"]
[Date "2002.12.28"]
[Round "1"]
[White "Christ, Ralf"]
[Black "Cherniaev, Alexander"]
[Result "1-0"]
[WhiteElo "2292"]
[BlackElo "2506"]
[PlyCount "75"]
[EventDate "2002.12.28"]
[EventType "swiss"]
[EventRounds "9"]
[EventCountry "ENG"]
[SourceTitle "BritBase"]
[Source "John Saunders"]
[SourceDate "2024.12.03"]
[SourceVersion "1"]
[SourceVersionDate "2024.12.03"]
[SourceQuality "1"]

1. Nf3 Nf6 2. c4 g6 3. Nc3 Bg7 4. e4 d6 5. d4 O-O 6. Be2 Nbd7 7. O-O e5 8. Be3 h6 9. dxe5 dxe5 10. h3 b6 11. Qc2 Bb7 12. Rfd1 Qe8 13. b4 Qe6 14. Nd5 Rfc8 15. c5 Nxd5 16. exd5 Bxd5 17. Rxd5 Qxd5 18. Rd1 Qe6 19. Bc4 Qe7 20. Bxh6 Nf8 21. Qc1 Ne6 22. Bxg7 Nxg7 23. Qh6 Rd8 24. Re1 Ne6 25. Nxe5 Qg5 26. Nxf7 Qxh6 27. Nxh6+ Kg7 28. Ng4 Nf8 29. Re7+ Kh8 30. Ne5 Re8 31. Nf7+ Kg7 32. Rxc7 Rec8 33. Re7 Re8 34. Rxe8 Rxe8 35. c6 b5 36. Nd6 Re1+ 37. Kh2 Ne6 38. Bxe6 1-0

[Event "Hastings Challengers 2002/03"]
[Site "Hastings"]
[Date "2002.12.28"]
[Round "1"]
[White "Gormally, Daniel W"]
[Black "Hansen, Torbjorn Ringdal"]
[Result "1-0"]
[WhiteElo "2502"]
[BlackElo "2292"]
[PlyCount "53"]
[EventDate "2002.12.28"]
[EventType "swiss"]
[EventRounds "9"]
[EventCountry "ENG"]
[SourceTitle "BritBase"]
[Source "John Saunders"]
[SourceDate "2024.12.03"]
[SourceVersion "1"]
[SourceVersionDate "2024.12.03"]
[SourceQuality "1"]

1. e4 e5 2. Nf3 Nf6 3. Nxe5 d6 4. Nf3 Nxe4 5. d4 d5 6. Bd3 Bd6 7. O-O O-O 8. Re1 f5 9. c4 c6 10. Qb3 Kh8 11. Nc3 a5 12. a3 a4 13. Qc2 Qa5 14. Bd2 Nxd2 15. Qxd2 Nd7 16. c5 Bc7 17. Bc2 b5 18. cxb6 Nxb6 19. Qg5 Bd6 20. Qh5 Qa7 21. Ne5 Bxe5 22. Rxe5 Nc4 23. Re8 Bd7 24. Re7 Nxb2 25. Qg5 Rg8 26. Bxf5 Qxd4 27. Ne2 1-0

[Event "Hastings Challengers 2002/03"]
[Site "Hastings"]
[Date "2002.12.28"]
[Round "1"]
[White "Hanley, Craig A"]
[Black "Rayner, Francis"]
[Result "1-0"]
[WhiteElo "2345"]
[BlackElo "2219"]
[PlyCount "91"]
[EventDate "2002.12.28"]
[EventType "swiss"]
[EventRounds "9"]
[EventCountry "ENG"]
[SourceTitle "BritBase"]
[Source "John Saunders"]
[SourceDate "2024.12.03"]
[SourceVersion "1"]
[SourceVersionDate "2024.12.03"]
[SourceQuality "1"]

1. e4 e5 2. Nf3 Nc6 3. Bb5 a6 4. Ba4 Nf6 5. O-O Be7 6. Re1 b5 7. Bb3 d6 8. c3 O-O 9. d3 Nb8 10. Nbd2 Nbd7 11. Nf1 Bb7 12. Ng3 Nc5 13. Bc2 Re8 14. d4 Ncd7 15. a4 Bf8 16. b3 g6 17. h4 h5 18. Bg5 Be7 19. Qd3 c6 20. Rad1 Qc7 21. b4 Nb6 22. a5 Nc4 23. Bc1 c5 24. bxc5 dxc5 25. d5 Bd6 26. Ng5 Bc8 27. Nf1 Nxa5 28. Nh2 Nc4 29. Rf1 a5 30. Bb3 Nb6 31. Qg3 a4 32. Ba2 b4 33. f4 b3 34. f5 bxa2 35. fxg6 fxg6 36. Rxf6 Qg7 37. Rxd6 a1=Q 38. Ngf3 Qxc3 39. Rxg6 Ra7 40. Bh6 Ree7 41. d6 Red7 42. Bxg7 Rxg7 43. d7 Qe3+ 44. Kh1 Raxd7 45. Rxd7 Qc1+ 46. Ng1 1-0

[Event "Hastings Challengers 2002/03"]
[Site "Hastings"]
[Date "2002.12.28"]
[Round "1"]
[White "Hebden, Mark L"]
[Black "Laubsch, Bernd"]
[Result "1-0"]
[WhiteElo "2515"]
[BlackElo "2295"]
[PlyCount "67"]
[EventDate "2002.12.28"]
[EventType "swiss"]
[EventRounds "9"]
[EventCountry "ENG"]
[SourceTitle "BritBase"]
[Source "John Saunders"]
[SourceDate "2024.12.03"]
[SourceVersion "1"]
[SourceVersionDate "2024.12.03"]
[SourceQuality "1"]

1. d4 Nf6 2. Nf3 g6 3. Nc3 d5 4. Bf4 Bg7 5. e3 O-O 6. Be2 c5 7. Ne5 Nc6 8. O-O Bf5 9. Na4 cxd4 10. Nxc6 bxc6 11. exd4 Nd7 12. c3 Re8 13. Re1 e5 14. Be3 h6 15. Rc1 g5 16. dxe5 Bxe5 17. c4 Qf6 18. cxd5 cxd5 19. Qxd5 Nb6 20. Nxb6 axb6 21. b4 Bc3 22. Red1 Bxb4 23. Qf3 g4 24. Qg3 h5 25. Bd4 Qg5 26. h4 Qg6 27. Bc4 Bc2 28. Bxf7+ Kxf7 29. Qc7+ Be7 30. Rxc2 Rac8 31. Qf4+ Kg8 32. Rxc8 Rxc8 33. Qe5 Rd8 34. Qxe7 1-0

[Event "Hastings Challengers 2002/03"]
[Site "Hastings"]
[Date "2002.12.28"]
[Round "1"]
[White "Howell, David W"]
[Black "Cooper, Lawrence"]
[Result "0-1"]
[WhiteElo "2224"]
[BlackElo "2348"]
[PlyCount "66"]
[EventDate "2002.12.28"]
[EventType "swiss"]
[EventRounds "9"]
[EventCountry "ENG"]
[SourceTitle "BritBase"]
[Source "John Saunders"]
[SourceDate "2024.12.03"]
[SourceVersion "1"]
[SourceVersionDate "2024.12.03"]
[SourceQuality "1"]

1. e4 e5 2. Nf3 Nc6 3. Bb5 a6 4. Bxc6 dxc6 5. O-O Bd6 6. d4 exd4 7. Qxd4 f6 8. Be3 Ne7 9. Nbd2 O-O 10. Rad1 Ng6 11. Nc4 Qe7 12. Nxd6 cxd6 13. Qxd6 Qxe4 14. Bc5 Bg4 15. Rfe1 Qxc2 16. Rd2 Qf5 17. Nd4 Qg5 18. Ne6 Bxe6 19. Qxe6+ Kh8 20. Bxf8 Qxd2 21. Bd6 h6 22. h3 Qxb2 23. Re3 Qb1+ 24. Kh2 Kh7 25. Qd7 Qd1 26. Rg3 Rg8 27. Qe6 Qd5 28. Qd7 Nh4 29. Qg4 Nf5 30. Qg6+ Kh8 31. Bf4 Nxg3 32. fxg3 Rf8 33. Bxh6 Qf7 0-1

[Event "Hastings Challengers 2002/03"]
[Site "Hastings"]
[Date "2002.12.28"]
[Round "1"]
[White "Knott, Simon John Bradley"]
[Black "Richards, Heather"]
[Result "1-0"]
[WhiteElo "2401"]
[BlackElo "2264"]
[PlyCount "83"]
[EventDate "2002.12.28"]
[EventType "swiss"]
[EventRounds "9"]
[EventCountry "ENG"]
[SourceTitle "BritBase"]
[Source "John Saunders"]
[SourceDate "2024.12.03"]
[SourceVersion "1"]
[SourceVersionDate "2024.12.03"]
[SourceQuality "1"]

1. Nf3 e6 2. c4 Nf6 3. Nc3 b6 4. g3 Bb7 5. Bg2 g6 6. O-O Bg7 7. Re1 Ne4 8. Nxe4 Bxe4 9. d3 Bb7 10. e4 O-O 11. d4 d6 12. Bg5 Qc8 13. Qd2 e5 14. c5 dxc5 15. dxe5 Nc6 16. Bh6 Re8 17. Bxg7 Kxg7 18. Qf4 Qe6 19. Ng5 Qe7 20. Qf6+ Qxf6 21. exf6+ Kxf6 22. Nxh7+ Kg7 23. Ng5 Nb4 24. Red1 Bc6 25. a3 Nc2 26. Rac1 Nd4 27. Rxd4 cxd4 28. Rxc6 Re7 29. Bf1 Rd8 30. Bd3 Rdd7 31. f4 Re8 32. e5 Ree7 33. Kf2 Rd5 34. b4 Rd8 35. h4 Ra8 36. Bc4 a5 37. b5 Rd8 38. Nxf7 Rxf7 39. Bxf7 Kxf7 40. Rxc7+ Ke6 41. Rc6+ Kf5 42. Kf3 1-0